[Event "FB21 2324 SC Leipzig-Lindenau - SZ Seebl"]
[Site "?"]
[Date "2023.10.15"]
[Round "2.1"]
[White "Peglau, Charis"]
[Black "Weimert, Miriam"]
[Result "1-0"]
[WhiteElo "2094"]
[BlackElo "1888"]
[PlyCount "83"]
[EventDate "2023.??.??"]

1. f4 Nh6 2. Nf3 d5 3. e3 g6 4. c4 c6 5. Nc3 Bg7 6. d4 O-O 7. Qb3 dxc4 8. Bxc4 Nd7 9. O-O Nb6 10. Bd3 Be6 11. Qc2 Nd5 12. Nxd5 cxd5 13. Nh4 Bd7 14. Qf2 e6 15. h3 f6 16. g4 e5 17. f5 e4 18. Bc2 gxf5 19. Nxf5 Nxf5 20. gxf5 Bb5 21. Rd1 Kh8 22. Bb3 Rg8 23. Kh1 Be8 24. Qh4 Qd7 25. Rf1 Qf7 26. Bd2 Bb5 27. Rf2 Rae8 28. Rg1 Bc6 29. Bd1 Qd7 30. Bh5 Ref8 31. Bg6 h6 32. Qf4 Rc8 33. Bb4 Qc7 34. Bd6 Qa5 35. Rg4 Bb5 36. Rh4 Rc1+ 37. Kh2 Rgc8 38. Rg2 Qe1 39. Rxh6+ Kg8 40. Bh7+ Kf7 41. Rxg7+ Kxg7 42. Qg4+ 1-0

[Event "FB21 2324 SC Leipzig-Lindenau - SZ Seebl"]
[Site "?"]
[Date "2023.10.15"]
[Round "2.2"]
[White "Spangenberg, Romy"]
[Black "Peglau, Dora"]
[Result "0-1"]
[WhiteElo "1840"]
[BlackElo "2052"]
[PlyCount "54"]
[EventDate "2023.??.??"]

1. e4 c5 2. Nf3 e6 3. d4 cxd4 4. Nxd4 a6 5. c4 Nf6 6. Nc3 Bb4 7. Bd3 Nc6 8. Nf3 d6 9. Bd2 O-O 10. O-O Bd7 11. a3 Bc5 12. b4 Ba7 13. h3 Rc8 14. Re1 Nd4 15. e5 Nxf3+ 16. Qxf3 Bc6 17. Qg3 dxe5 18. Bg5 Nh5 19. Bxh7+ Kxh7 20. Qh4 Bxf2+ 21. Kxf2 Qd4+ 22. Re3 Qxh4+ 23. Bxh4 f6 24. c5 Rfd8 25. g4 Nf4 26. Bg3 Nxh3+ 27. Ke2 Ng5 0-1

[Event "FB21 2324 SC Leipzig-Lindenau - SZ Seebl"]
[Site "?"]
[Date "2023.10.15"]
[Round "2.3"]
[White "Browning, Rebecca"]
[Black "Herbrig, Marie-Helen"]
[Result "1-0"]
[WhiteElo "1906"]
[BlackElo "1856"]
[PlyCount "157"]
[EventDate "2023.??.??"]

1. e4 c5 2. c3 d5 3. exd5 Qxd5 4. d4 Nf6 5. Nf3 Bg4 6. Be2 Nc6 7. Be3 cxd4 8. cxd4 e6 9. O-O Be7 10. Nc3 Qa5 11. Qb3 Qb4 12. Qc2 O-O 13. a3 Qa5 14. h3 Bh5 15. b4 Qc7 16. Rac1 Rac8 17. Qd2 Rfd8 18. Qb2 Qb8 19. Rfd1 Bf8 20. g3 h6 21. Kg2 Ne7 22. Bf4 Qa8 23. g4 Bg6 24. Ne5 Bh7 25. Bf3 Ned5 26. Nxd5 Nxd5 27. Bg3 Be7 28. h4 a6 29. Nc4 Rc6 30. Na5 Rxc1 31. Rxc1 Bf6 32. Qd2 Qa7 33. Nb3 Bg6 34. g5 hxg5 35. hxg5 Be7 36. Bxd5 Rxd5 37. Rc8+ Bf8 38. Be5 b6 39. Qf4 Rxe5 40. Rxf8+ Kxf8 41. dxe5 Qd7 42. Qd4 Qd5+ 43. Qxd5 exd5 44. Kf3 Ke7 45. Ke3 Kd7 46. Nd4 Bb1 47. Ne2 Kc6 48. Nc3 Bf5 49. Kd4 Be6 50. a4 b5 51. axb5+ axb5 52. f3 g6 53. f4 Bf5 54. Nxd5 Be6 55. Nc3 Bc4 56. Ne4 Bd5 57. Nd6 Be6 58. Ke4 Bd5+ 59. Ke3 Be6 60. Kd4 Bb3 61. f5 Bc2 62. fxg6 Bxg6 63. Ne4 Bf5 64. Nf6 Bg6 65. Nd5 Bh5 66. Nf4 Bg4 67. Ke4 Kd7 68. Kd5 Ke7 69. Kc6 Bd7+ 70. Kc7 Bg4 71. Kb6 Bd7 72. Nd3 Kf8 73. Nc5 Be8 74. Kc7 Ke7 75. Ne4 Bd7 76. Kb6 Be8 77. Nf6 Bd7 78. Nxd7 Kxd7 79. Kxb5 1-0

[Event "FB21 2324 SC Leipzig-Lindenau - SZ Seebl"]
[Site "?"]
[Date "2023.10.15"]
[Round "2.4"]
[White "Lowke, Kathrin"]
[Black "Peglau, Mirjam"]
[Result "0-1"]
[WhiteElo "1832"]
[BlackElo "1857"]
[PlyCount "74"]
[EventDate "2023.??.??"]

1. e4 e6 2. d4 d5 3. Nc3 dxe4 4. Nxe4 b6 5. Nf3 Bb7 6. Bd3 Be7 7. c3 Nd7 8. Be3 Ngf6 9. Qc2 O-O 10. O-O Nxe4 11. Bxe4 Bxe4 12. Qxe4 Nf6 13. Qc2 Qd5 14. Rfd1 Rfd8 15. Ne5 Bd6 16. c4 Qb7 17. Bg5 c5 18. Nf3 cxd4 19. Rxd4 Bc5 20. Rh4 Qe7 21. Bxf6 Qxf6 22. Qxh7+ Kf8 23. Qc2 Ke7 24. Re4 Rd6 25. Re2 Rad8 26. h3 Qf4 27. Re4 Qf5 28. Rae1 Kf8 29. a3 Rd2 30. Nxd2 Qxf2+ 31. Kh1 Rxd2 32. Qxd2 Qxd2 33. R4e2 Qf4 34. Re4 Qg3 35. R4e2 Bd6 36. Kg1 Qh2+ 37. Kf1 Bg3 0-1

[Event "FB21 2324 SC Leipzig-Lindenau - SZ Seebl"]
[Site "?"]
[Date "2023.10.15"]
[Round "2.5"]
[White "Peglau, Sarah"]
[Black "Lorenz, Nicole"]
[Result "1/2-1/2"]
[WhiteElo "1778"]
[BlackElo "1876"]
[PlyCount "64"]
[EventDate "2023.??.??"]

1. c4 d6 2. Nc3 e5 3. e3 c6 4. d4 Nd7 5. Nf3 Ngf6 6. d5 Qc7 7. Bd3 a5 8. h3 Nc5 9. Bc2 Be7 10. Bd2 Nfd7 11. O-O Nb6 12. Qe2 O-O 13. b3 Kh8 14. e4 f5 15. dxc6 bxc6 16. Rad1 f4 17. Kh2 Ne6 18. Bc1 g5 19. g4 Kg7 20. Rh1 Rh8 21. Kg2 Nc5 22. Rdg1 Ba6 23. h4 h6 24. Qd1 Rad8 25. hxg5 hxg5 26. Rxh8 Rxh8 27. Rh1 Qc8 28. Nd2 Rxh1 29. Kxh1 Qh8+ 30. Kg2 Bf8 31. f3 Qh4 32. Ne2 Ne6 1/2-1/2

[Event "FB21 2324 SC Leipzig-Lindenau - SZ Seebl"]
[Site "?"]
[Date "2023.10.15"]
[Round "2.6"]
[White "Spangenberg, Pia"]
[Black "Peglau, Lorena"]
[Result "1-0"]
[WhiteElo "1789"]
[BlackElo "1147"]
[PlyCount "73"]
[EventDate "2023.??.??"]

1. d4 d5 2. e3 Nf6 3. f4 Bf5 4. Nf3 e6 5. Bd3 Bg4 6. Nbd2 Nbd7 7. O-O Bd6 8. c3 c5 9. Qe1 O-O 10. Ne5 Bh5 11. Qh4 Rb8 12. Ndf3 h6 13. g4 Bxe5 14. Nxe5 Nxe5 15. fxe5 Nxg4 16. Qxh5 Qg5 17. Qxg5 hxg5 18. h3 Nh6 19. dxc5 Rbc8 20. b4 Rc7 21. e4 Rd8 22. Bxg5 Re8 23. Bxh6 gxh6 24. Rf6 Kg7 25. Kh2 Rh8 26. Rg1+ Kf8 27. exd5 exd5 28. e6 Ke8 29. exf7+ Rxf7 30. Bg6 Ke7 31. Rxf7+ Kd8 32. Rxb7 Kc8 33. Rxa7 Kb8 34. Rd7 Rf8 35. Bf7 Kc8 36. c6 h5 37. Rg8 1-0

[Event "FB21 2324 SC Kreuzberg - SV Merseburg"]
[Site "?"]
[Date "2023.10.15"]
[Round "2.1"]
[White "Safonova, Valeria"]
[Black "Von Herman, Brigitte"]
[Result "1/2-1/2"]
[WhiteElo "1767"]
[BlackElo "1902"]
[PlyCount "103"]
[EventDate "2023.??.??"]

1. e4 e5 2. Nf3 Nc6 3. Bb5 a6 4. Ba4 Nf6 5. d3 Be7 6. c3 b5 7. Bc2 O-O 8. O-O d6 9. h3 h6 10. Nbd2 Re8 11. Re1 Bf8 12. Nf1 Ne7 13. Ng3 Ng6 14. d4 c5 15. a4 Bd7 16. Nf5 Qc7 17. dxc5 dxc5 18. g3 Rad8 19. Qe2 Rb8 20. Kh2 Kh7 21. N3h4 Nxh4 22. Nxh4 g6 23. Qf3 Bg7 24. Ng2 Bc6 25. axb5 axb5 26. Qe3 Bf8 27. Nh4 Bd7 28. Qf3 Bg7 29. Bb3 c4 30. Bc2 Be6 31. Be3 Rb7 32. Ra6 Rd8 33. Rea1 Rd6 34. Ra7 Rxa7 35. Rxa7 Qc8 36. g4 Rd7 37. Ra5 Rb7 38. Qg3 Qc6 39. Qf3 Qc8 40. Qg3 Qc6 41. Qf3 Qc8 42. Ra6 b4 43. Rb6 bxc3 44. bxc3 Nd7 45. Rxb7 Qxb7 46. Qd1 Bf8 47. Nf3 f6 48. Qb1 Qa6 49. Nd2 Be7 50. Bd1 Bc5 51. Bxc5 Nxc5 52. Be2 1/2-1/2

[Event "FB21 2324 SC Kreuzberg - SV Merseburg"]
[Site "?"]
[Date "2023.10.15"]
[Round "2.2"]
[White "Skogvall, Martina"]
[Black "Hartung, Katja"]
[Result "1-0"]
[WhiteElo "1965"]
[BlackElo "1936"]
[PlyCount "111"]
[EventDate "2023.??.??"]

1. e4 e5 2. Nc3 Nf6 3. g3 d5 4. exd5 Nxd5 5. Qe2 Nc6 6. Bg2 Ndb4 7. Kd1 Be6 8. Nf3 f6 9. a3 Nd5 10. d3 Nxc3+ 11. bxc3 Qd7 12. Ke1 Bc5 13. Be3 Bb6 14. Nd2 Ba5 15. Rb1 Rb8 16. c4 O-O 17. Kf1 Nd4 18. Bxd4 Qxd4 19. Nb3 Qb6 20. h4 Bc3 21. Bf3 Qd6 22. a4 b6 23. Kg2 Rbe8 24. Qe3 Qd7 25. a5 g6 26. axb6 axb6 27. Qe4 f5 28. Qc6 Rd8 29. Qxd7 Rxd7 30. Rbd1 Rdf7 31. Rhf1 Kg7 32. Kg1 h5 33. Nd2 Bd4 34. Nb3 f4 35. Nxd4 exd4 36. Be4 Bh3 37. Bg2 Bxg2 38. Kxg2 f3+ 39. Kg1 Re8 40. Rc1 Rfe7 41. c3 c5 42. cxd4 cxd4 43. Rb1 Re6 44. Rfc1 Kf6 45. Rf1 Rd6 46. Rfc1 Re5 47. Rf1 Kf5 48. Rfe1 Rxe1+ 49. Rxe1 Re6 50. Rxe6 Kxe6 51. Kh2 Kd6 52. g4 Kc5 53. gxh5 gxh5 54. Kg3 Kb4 55. Kxf3 Kc3 56. Ke4 1-0

[Event "FB21 2324 SC Kreuzberg - SV Merseburg"]
[Site "?"]
[Date "2023.10.15"]
[Round "2.3"]
[White "Pflug, Tanja"]
[Black "Bolon, Karelle"]
[Result "1/2-1/2"]
[WhiteElo "1971"]
[BlackElo "1911"]
[PlyCount "27"]
[EventDate "2023.??.??"]

1. d4 f5 2. Bf4 Nf6 3. Nc3 e6 4. Qd3 Nc6 5. a3 a6 6. h3 d5 7. Nf3 Bd6 8. e3 Ne4 9. Ne5 Nxe5 10. dxe5 Nc5 11. Qd2 Be7 12. Be2 Bd7 13. g4 Ne4 14. Nxe4 1/2-1/2

[Event "FB21 2324 SC Kreuzberg - SV Merseburg"]
[Site "?"]
[Date "2023.10.15"]
[Round "2.4"]
[White "Fock, Sana"]
[Black "Eue, Vicky"]
[Result "1-0"]
[WhiteElo "1798"]
[BlackElo "1692"]
[PlyCount "99"]
[EventDate "2023.??.??"]

1. e4 d5 2. exd5 Qxd5 3. Nc3 Qa5 4. d4 Nf6 5. Nf3 Bg4 6. h3 Bh5 7. Bc4 e6 8. Bd2 Qb6 9. g4 Bg6 10. Bb3 c6 11. Qe2 a5 12. O-O Bd6 13. d5 cxd5 14. Nxd5 Nxd5 15. Bxd5 O-O 16. Be4 Bxe4 17. Qxe4 Qc6 18. Rfe1 Qxe4 19. Rxe4 Nc6 20. c3 Rad8 21. Kg2 Bc7 22. Be3 e5 23. Bc5 Rfe8 24. Rae1 f6 25. R4e2 Kf7 26. Rd2 e4 27. Nd4 Bf4 28. Rde2 e3 29. Nxc6 bxc6 30. fxe3 Bg5 31. Kf3 Rd5 32. b4 Bh4 33. Rb1 a4 34. Bd4 f5 35. c4 fxg4+ 36. hxg4 Rd7 37. b5 Rc8 38. b6 Rb7 39. c5 Ke6 40. Rh2 Bg5 41. Rb4 Ra8 42. Rxh7 Bh6 43. g5 Bxg5 44. Rxg7 Be7 45. Rg6+ Kd7 46. Be5 Rf8+ 47. Rf4 Rxf4+ 48. exf4 Bxc5 49. Rg7+ Be7 50. Bf6 1-0

[Event "FB21 2324 SC Kreuzberg - SV Merseburg"]
[Site "?"]
[Date "2023.10.15"]
[Round "2.5"]
[White "Domaske, Susann"]
[Black "Guder, Sibylle"]
[Result "1/2-1/2"]
[WhiteElo "1765"]
[BlackElo "1813"]
[PlyCount "68"]
[EventDate "2023.??.??"]

1. d4 g6 2. c4 Bg7 3. Nf3 d6 4. e3 Nc6 5. Be2 Nf6 6. Nc3 O-O 7. O-O a6 8. a3 h6 9. Qc2 Nd7 10. b4 e5 11. d5 Ne7 12. e4 f5 13. Bb2 Nf6 14. Nd2 f4 15. f3 g5 16. g4 Ng6 17. Nb3 Rf7 18. Nc1 Bf8 19. Kf2 Rh7 20. Ke1 Qe7 21. Nd3 Nh4 22. Rg1 Qf7 23. h3 Be7 24. Kd2 h5 25. Raf1 hxg4 26. hxg4 Rh6 27. Ne1 Qh7 28. Kc1 Kf7 29. Nd1 Bd7 30. c5 b6 31. c6 Be8 32. Nf2 Kg6 33. Kb1 Bf7 34. Ned3 a5 1/2-1/2

[Event "FB21 2324 SC Rotation Pankow - SC Rochad"]
[Site "?"]
[Date "2023.10.15"]
[Round "2.1"]
[White "Wagner, Margarethe"]
[Black "Burchardt, Brigitte"]
[Result "1/2-1/2"]
[WhiteElo "1827"]
[BlackElo "2124"]
[PlyCount "54"]
[EventDate "2023.??.??"]

1. e4 c5 2. Nf3 d6 3. d4 cxd4 4. Nxd4 Nf6 5. Nc3 a6 6. Bd3 Nc6 7. Nxc6 bxc6 8. O-O e5 9. f4 Be7 10. Kh1 O-O 11. Be3 Ng4 12. Bg1 exf4 13. Rxf4 Ne5 14. Be2 Rb8 15. Rb1 a5 16. b3 Be6 17. Bd4 Qc7 18. Qg1 Ng6 19. Rff1 Qb7 20. Rbd1 Ra8 21. Bf3 Ne5 22. Be2 f6 23. Na4 Bf7 24. c4 Bg6 25. Bxe5 fxe5 26. Bf3 Rab8 27. Rd2 Rf6 1/2-1/2

[Event "FB21 2324 SC Rotation Pankow - SC Rochad"]
[Site "?"]
[Date "2023.10.15"]
[Round "2.4"]
[White "Goehler, Antje"]
[Black "Zarubinskaya, Irina"]
[Result "1/2-1/2"]
[WhiteElo "2074"]
[BlackElo "1747"]
[PlyCount "87"]
[EventDate "2023.??.??"]

1. d4 d5 2. Nf3 Bf5 3. c4 c6 4. Nc3 e6 5. Bf4 Bd6 6. Bxd6 Qxd6 7. e3 Nf6 8. c5 Qc7 9. Bd3 Bg6 10. Ne5 Nbd7 11. Nxg6 hxg6 12. f4 O-O-O 13. O-O Rh6 14. g3 Rdh8 15. Rf2 Ne8 16. e4 f5 17. e5 Qd8 18. Qd2 Nf8 19. b4 Nh7 20. b5 g5 21. bxc6 bxc6 22. Rb1 gxf4 23. gxf4 g5 24. Qb2 Nc7 25. Nxd5 gxf4 26. Qb8+ Kd7 27. Qxd8+ Rxd8 28. Nxf4 Kc8 29. Rb4 Ng5 30. Kf1 Nh3 31. Nxh3 Rxh3 32. Bc4 Rdh8 33. Ra4 Rxh2 34. Rxa7 Kb8 35. Ra3 Rh1+ 36. Ke2 Rb1 37. Rb3+ Rxb3 38. axb3 Rh4 39. Ke3 Kc8 40. Rg2 Rh3+ 41. Ke2 Rh4 42. Rg8+ Kd7 43. Rg7+ Kd8 44. Rg8+ 1/2-1/2

[Event "FB21 2324 SC Rotation Pankow - SC Rochad"]
[Site "?"]
[Date "2023.10.15"]
[Round "2.5"]
[White "Dietrich, Mareike"]
[Black "Heyme, Sibylle"]
[Result "0-1"]
[WhiteElo "1757"]
[BlackElo "1992"]
[PlyCount "74"]
[EventDate "2023.??.??"]

1. e4 e5 2. Nf3 Nc6 3. Bc4 Bc5 4. c3 d6 5. d4 exd4 6. cxd4 Bb6 7. O-O Nf6 8. Nc3 O-O 9. h3 h6 10. Re1 Re8 11. d5 Ne5 12. Bb3 Bd7 13. Be3 Qc8 14. Kh2 Ng6 15. Bc2 Nh5 16. Bxb6 axb6 17. e5 Ngf4 18. Qd4 Bxh3 19. g3 Bg4 20. Ng1 dxe5 21. Rxe5 Rxe5 22. Qxe5 Ng6 23. Qd4 Nf6 24. Re1 Bf5 25. Bb3 Qd7 26. Rd1 Rd8 27. Qc4 Ne8 28. Re1 Nd6 29. Qb4 Kh7 30. Nf3 Qc8 31. Rc1 Bg4 32. Nd4 Ne5 33. Ncb5 Nxb5 34. Nxb5 Qf5 35. Rc2 Qh5+ 36. Kg1 Nf3+ 37. Kf1 Re8 0-1

[Event "FB21 2324 SC Rotation Pankow - SC Rochad"]
[Site "?"]
[Date "2023.10.15"]
[Round "2.6"]
[White "Mai, Iris"]
[Black "Loos, Tilda"]
[Result "1-0"]
[WhiteElo "1946"]
[BlackElo "1423"]
[PlyCount "115"]
[EventDate "2023.??.??"]

1. d4 Nf6 2. c4 b6 3. Nc3 Bb7 4. Qc2 e6 5. Bg5 Be7 6. Nf3 d5 7. e3 Nbd7 8. cxd5 Nxd5 9. Bxe7 Qxe7 10. Nxd5 exd5 11. Qxc7 Nf6 12. Qxe7+ Kxe7 13. Bd3 Rac8 14. O-O Ne4 15. Rac1 h5 16. g3 f6 17. h4 Ke6 18. Rfd1 Kf5 19. Ne1 Ke6 20. Kg2 g5 21. Nf3 g4 22. Ne1 f5 23. Be2 Nd6 24. Nd3 Nc4 25. Nf4+ Kf6 26. b3 Nd6 27. Rxc8 Rxc8 28. Nxh5+ Kf7 29. Rd2 Ne4 30. Rb2 a5 31. Nf4 Kf6 32. Bd3 Ke7 33. Rc2 Rxc2 34. Bxc2 Kf6 35. Bd3 Nc3 36. a3 Bc6 37. a4 Ne4 38. Bxe4 fxe4 39. Kf1 b5 40. axb5 Bxb5+ 41. Ke1 Bc6 42. Kd2 Ke7 43. Kc3 Kd6 44. h5 Ke7 45. Kb2 Kf7 46. Ka3 Kg7 47. b4 a4 48. b5 Bxb5 49. Nxd5 Kh6 50. Nc3 Bc6 51. d5 Bb7 52. Kxa4 Kxh5 53. Kb5 Kg6 54. Kb6 Bc8 55. Kc7 Bf5 56. d6 Kf6 57. Nxe4+ Bxe4 58. d7 1-0

[Event "FB21 2324 TuS Coswig 1920 - SZ Seeblick"]
[Site "?"]
[Date "2023.12.10"]
[Round "3.2"]
[White "Moses, Selina"]
[Black "Peglau, Dora"]
[Result "0-1"]
[WhiteElo "1926"]
[BlackElo "1895"]
[PlyCount "92"]
[EventDate "2023.??.??"]

1. e4 e5 2. Nf3 Nc6 3. Bc4 Bc5 4. c3 Nf6 5. d3 h6 6. Bb3 d6 7. h3 Be6 8. Bc2 Bb6 9. Nbd2 O-O 10. O-O Re8 11. Re1 Qd7 12. Nf1 d5 13. Qe2 Rad8 14. N3h2 Ne7 15. Qf3 Nh7 16. Ng3 c6 17. Nh5 Ng6 18. Qg3 Qe7 19. Ng4 Bc7 20. Ne3 Nf6 21. Nxf6+ Qxf6 22. Ng4 Qe7 23. Qf3 h5 24. Ne3 Nf4 25. Nf5 Qg5 26. Ng3 h4 27. Bxf4 exf4 28. Ne2 dxe4 29. dxe4 Rd2 30. Nd4 c5 31. Ba4 Rd8 32. Nxe6 fxe6 33. Bb3 Kf7 34. Rab1 R8d3 35. Qg4 Qxg4 36. hxg4 b5 37. Rbd1 c4 38. Rxd2 Rxd2 39. Rd1 Rxb2 40. Bxc4 Bb6 41. Bb3 Bxf2+ 42. Kf1 Ke7 43. Rc1 Be3 44. Rc2 Rb1+ 45. Ke2 a5 46. c4 a4 0-1

[Event "FB21 2324 TuS Coswig 1920 - SZ Seeblick"]
[Site "?"]
[Date "2023.12.10"]
[Round "3.3"]
[White "Browning, Rebecca"]
[Black "Timme, Karin"]
[Result "0-1"]
[WhiteElo "1906"]
[BlackElo "2054"]
[PlyCount "76"]
[EventDate "2023.??.??"]

1. e4 c6 2. d4 d5 3. e5 Bf5 4. Nf3 e6 5. Be2 c5 6. O-O Nc6 7. c3 a6 8. a3 Bg4 9. b4 Bxf3 10. Bxf3 cxd4 11. cxd4 Nge7 12. Qd3 Nf5 13. Be3 Be7 14. Nd2 O-O 15. Bg4 g6 16. Bxf5 exf5 17. Nb3 b6 18. Rfc1 Qd7 19. Rc3 Nd8 20. Rac1 Ne6 21. f4 a5 22. Rc6 axb4 23. axb4 Bxb4 24. Rxb6 Rfb8 25. Nc5 Bxc5 26. dxc5 Rxb6 27. cxb6 Rb8 28. Qb3 d4 29. Bd2 Qb7 30. Rb1 Kg7 31. g3 Qe4 32. Re1 Qc6 33. Rb1 Qe4 34. Re1 Qc6 35. Rc1 Qxb6 36. Qf3 Qb2 37. Rd1 Qc2 38. Be1 Rb3 0-1

[Event "FB21 2324 TuS Coswig 1920 - SZ Seeblick"]
[Site "?"]
[Date "2023.12.10"]
[Round "3.4"]
[White "Richter, Ulrike"]
[Black "Peglau, Mirjam"]
[Result "0-1"]
[WhiteElo "1860"]
[BlackElo "1854"]
[PlyCount "114"]
[EventDate "2023.??.??"]

1. c4 c5 2. Nc3 Nf6 3. g3 d5 4. cxd5 Nxd5 5. Bg2 Nc7 6. Nf3 Nc6 7. O-O e5 8. d3 Be7 9. b3 O-O 10. Bb2 Be6 11. Rc1 f6 12. Re1 Qd7 13. Ne4 b6 14. Ba1 Rac8 15. Qc2 Rfd8 16. Red1 Nb5 17. Kf1 Nbd4 18. Bxd4 Nxd4 19. Qb2 Nxf3 20. Bxf3 Bd5 21. Kg1 Qe6 22. Bg2 f5 23. Nd2 Bxg2 24. Kxg2 Qd5+ 25. f3 Bg5 26. Qc3 Kh8 27. Qc4 Qc6 28. Rc2 Rc7 29. Kf2 Rd4 30. Qc3 Qh6 31. Kg2 Bf6 32. Nf1 e4 33. Qe1 exf3+ 34. exf3 Re7 35. Re2 Rdd7 36. Ne3 g6 37. f4 Qf8 38. Nc2 Qe8 39. Kf1 Kg8 40. Qf2 Rxe2 41. Qxe2 Re7 42. Qf3 Qd7 43. Re1 Rxe1+ 44. Kxe1 Kg7 45. Ke2 a6 46. Qe3 a5 47. a4 Qd5 48. d4 cxd4 49. Qf3 Qe4+ 50. Qxe4 fxe4 51. Kd2 Kf7 52. h3 Ke6 53. g4 Kd5 54. b4 Be7 55. bxa5 bxa5 56. Kd1 d3 57. Ne1 Kd4 0-1

[Event "FB21 2324 TuS Coswig 1920 - SZ Seeblick"]
[Site "?"]
[Date "2023.12.10"]
[Round "3.5"]
[White "Peglau, Sarah"]
[Black "Moldenhauer, Antje"]
[Result "1-0"]
[WhiteElo "1756"]
[BlackElo "1808"]
[PlyCount "83"]
[EventDate "2023.??.??"]

1. c4 e5 2. g3 Nf6 3. Bg2 d5 4. cxd5 Nxd5 5. Nc3 Nb6 6. d3 Be7 7. Be3 O-O 8. Nf3 Nc6 9. O-O Be6 10. Qd2 f6 11. Rac1 Nd5 12. Nxd5 Bxd5 13. a3 a5 14. d4 Nxd4 15. Nxd4 Bxg2 16. Kxg2 exd4 17. Qxd4 Qxd4 18. Bxd4 Bd6 19. Bc5 Bxc5 20. Rxc5 c6 21. Rd1 Rfd8 22. Rxd8+ Rxd8 23. Rxa5 Rd2 24. b4 Rxe2 25. Kf3 Re7 26. Rc5 Kf7 27. Rc4 g6 28. Re4 Rxe4 29. Kxe4 Ke6 30. a4 f5+ 31. Kd4 Kd6 32. f4 b6 33. a5 c5+ 34. bxc5+ bxc5+ 35. Kc4 Kc6 36. h3 h6 37. h4 h5 38. a6 Kb6 39. a7 Kxa7 40. Kxc5 Ka6 41. Kd6 Kb5 42. Ke6 1-0

[Event "FB21 2324 TuS Coswig 1920 - SZ Seeblick"]
[Site "?"]
[Date "2023.12.10"]
[Round "3.6"]
[White "Gebhardt, Christine"]
[Black "Peglau, Lorena"]
[Result "1-0"]
[WhiteElo "1703"]
[BlackElo "1161"]
[PlyCount "53"]
[EventDate "2023.??.??"]

1. e4 c6 2. d4 d5 3. exd5 cxd5 4. Bd3 Nc6 5. c3 Nf6 6. Bf4 e6 7. Nf3 Bd6 8. Bxd6 Qxd6 9. O-O a6 10. Re1 O-O 11. a4 Rb8 12. Nbd2 Bd7 13. Ne5 Rfc8 14. Re3 Kf8 15. Qe2 Ke7 16. f4 g6 17. Rf1 Rh8 18. Ndf3 h6 19. Bxg6 fxg6 20. Nxg6+ Kf7 21. Nxh8+ Rxh8 22. Ne5+ Ke8 23. f5 Nd8 24. fxe6 Nxe6 25. Rxf6 Qc7 26. Nxd7 Kxd7 27. Rf7+ 1-0

[Event "FB21 2324 SV Merseburg - SC Rochade Zeul"]
[Site "?"]
[Date "2023.12.10"]
[Round "3.1"]
[White "Wagner, Margarethe"]
[Black "Safonova, Valeria"]
[Result "1-0"]
[WhiteElo "1865"]
[BlackElo "1768"]
[PlyCount "87"]
[EventDate "2023.??.??"]

1. e4 c5 2. Nf3 d6 3. d4 cxd4 4. Nxd4 Nf6 5. Nc3 a6 6. Bd3 e6 7. f4 b5 8. a3 Bb7 9. Qe2 Nbd7 10. Bd2 Nc5 11. f5 e5 12. Nf3 Be7 13. b4 Nxd3+ 14. cxd3 Rc8 15. O-O O-O 16. Kh1 Nd7 17. g4 f6 18. d4 Nb6 19. d5 Nc4 20. Be1 Qd7 21. Rg1 Bd8 22. h4 Bb6 23. Rg3 Kh8 24. g5 Qe7 25. g6 h6 26. Nd2 Bd4 27. Nb3 Bb6 28. Bf2 Qc7 29. Nd1 Bxf2 30. Nxf2 Qb6 31. Ng4 Kg8 32. Ra2 a5 33. Nd2 axb4 34. axb4 Qd4 35. Nb3 Qb6 36. Na5 Nxa5 37. bxa5 Qa6 38. Qe3 Ba8 39. Nxh6+ gxh6 40. Qxh6 Qa7 41. g7 Rfd8 42. Qh8+ Kf7 43. g8=Q+ Rxg8 44. Qh7+ 1-0

[Event "FB21 2324 SV Merseburg - SC Rochade Zeul"]
[Site "?"]
[Date "2023.12.10"]
[Round "3.2"]
[White "Hartung, Katja"]
[Black "von Erichsen, Annegret"]
[Result "1/2-1/2"]
[WhiteElo "1919"]
[BlackElo "1969"]
[PlyCount "42"]
[EventDate "2023.??.??"]

1. e4 c5 2. d4 cxd4 3. c3 d3 4. Bxd3 Nc6 5. Nf3 g6 6. e5 d5 7. exd6 Qxd6 8. Na3 Bg4 9. O-O O-O-O 10. Be2 Qxd1 11. Rxd1 Rxd1+ 12. Bxd1 e5 13. Nc2 f5 14. Ne3 Bxf3 15. Bxf3 e4 16. Be2 Bd6 17. Nd5 Nge7 18. Nxe7+ Bxe7 19. f3 Bc5+ 20. Kf1 Ne5 21. Bg5 exf3 1/2-1/2

[Event "FB21 2324 SV Merseburg - SC Rochade Zeul"]
[Site "?"]
[Date "2023.12.10"]
[Round "3.3"]
[White "Skibbe, Diana"]
[Black "Pflug, Tanja"]
[Result "0-1"]
[WhiteElo "1917"]
[BlackElo "1971"]
[PlyCount "36"]
[EventDate "2023.??.??"]

1. e4 e6 2. d4 d5 3. Nc3 Nf6 4. e5 Nfd7 5. f4 c5 6. Nf3 Nc6 7. Be3 Qb6 8. Bb5 a6 9. Bxc6 bxc6 10. Na4 Qa5+ 11. c3 cxd4 12. b4 Qc7 13. Qxd4 a5 14. Nc5 axb4 15. cxb4 Nxc5 16. bxc5 Ra5 17. Qc3 Qa7 18. O-O Ra3 0-1

[Event "FB21 2324 SV Merseburg - SC Rochade Zeul"]
[Site "?"]
[Date "2023.12.10"]
[Round "3.4"]
[White "Kuemmel, Tina"]
[Black "Zarubinskaya, Irina"]
[Result "1-0"]
[WhiteElo "1497"]
[BlackElo "1746"]
[PlyCount "149"]
[EventDate "2023.??.??"]

1. e4 c5 2. Nc3 Nc6 3. f4 d6 4. Nf3 g6 5. Bb5 Bg7 6. O-O e6 7. Bxc6+ bxc6 8. d3 Ne7 9. e5 d5 10. Qe1 O-O 11. Na4 c4 12. dxc4 Ba6 13. b3 dxc4 14. Nc5 cxb3 15. Nxa6 Qb6+ 16. Be3 Qxa6 17. axb3 Qb7 18. Bc5 Rfd8 19. Bxe7 Qxe7 20. Qc3 Bf8 21. Ra6 c5 22. Rfa1 Qb7 23. Qc4 Rd7 24. h3 Be7 25. Kh2 Qb4 26. R6a4 Qxc4 27. Rxc4 Rb8 28. Rca4 Rbb7 29. Kg3 Bd8 30. Kf2 Bb6 31. Ke2 Kf8 32. Ng5 h6 33. Ne4 Rd4 34. Rxd4 cxd4 35. Kd3 Ke7 36. Ra4 Rd7 37. Nd2 f6 38. Nf3 fxe5 39. Nxe5 Rc7 40. Rc4 g5 41. fxg5 hxg5 42. Rxc7+ Bxc7 43. Kxd4 Kf6 44. Ng4+ Kf5 45. Ke3 Bb6+ 46. Kf3 e5 47. Ne3+ Ke6 48. Ke4 Bd4 49. g3 Bc3 50. Kf3 Bd4 51. h4 gxh4 52. gxh4 Kf6 53. Ke4 Kg6 54. Ng4 Kh5 55. Nxe5 Bc3 56. Nc6 a6 57. Nb8 a5 58. Nc6 Kxh4 59. Kd3 Be1 60. c3 Kg5 61. Nxa5 Kf6 62. b4 Ke6 63. Kc4 Kd6 64. Nb7+ Kc6 65. Nc5 Bf2 66. Ne6 Kb6 67. Nf4 Bg1 68. Kd5 Be3 69. Nd3 Kc7 70. c4 Ba7 71. c5 Kd7 72. Ne5+ Kc7 73. Nc6 Kb7 74. Nxa7 Kxa7 75. Kc6 1-0

[Event "FB21 2324 SV Merseburg - SC Rochade Zeul"]
[Site "?"]
[Date "2023.12.10"]
[Round "3.5"]
[White "Dietrich, Mareike"]
[Black "Domaske, Susann"]
[Result "1-0"]
[WhiteElo "1744"]
[BlackElo "1762"]
[PlyCount "51"]
[EventDate "2023.??.??"]

1. e4 e5 2. Nf3 Nc6 3. Bc4 Bc5 4. d3 h6 5. a4 a6 6. Be3 Be7 7. O-O Nf6 8. h3 O-O 9. Re1 d6 10. Nbd2 Be6 11. c3 Nh7 12. d4 Bxc4 13. Nxc4 exd4 14. Nxd4 Ne5 15. Nxe5 dxe5 16. Nf5 Bg5 17. Qg4 Qf6 18. Bc5 Rfe8 19. h4 Qc6 20. hxg5 Qxc5 21. gxh6 g6 22. Rad1 Rad8 23. Ng7 Rf8 24. Rxd8 Rxd8 25. Ne6 Nf6 26. Qg5 1-0

[Event "FB21 2324 SC Rotation Pankow - SC Kreuzb"]
[Site "?"]
[Date "2023.12.10"]
[Round "3.1"]
[White "Von Herman, Brigitte"]
[Black "Burchardt, Brigitte"]
[Result "0-1"]
[WhiteElo "1886"]
[BlackElo "2120"]
[PlyCount "76"]
[EventDate "2023.??.??"]

1. e4 c5 2. Nc3 d6 3. f4 Nc6 4. Nf3 g6 5. Bb5 Bg7 6. O-O Nh6 7. Bxc6+ bxc6 8. d3 O-O 9. Qe1 f6 10. Rb1 Nf7 11. Qg3 Rb8 12. Bd2 f5 13. b3 Rb7 14. Rbe1 Kh8 15. Kh1 Nh6 16. Re2 fxe4 17. dxe4 c4 18. Qh4 e6 19. Ng5 cxb3 20. axb3 Kg8 21. Ref2 Qe7 22. g4 c5 23. Rf3 c4 24. b4 a5 25. b5 a4 26. h3 a3 27. Ra1 d5 28. e5 d4 29. Nce4 Rxb5 30. Rfxa3 Bb7 31. Qe1 c3 32. Bc1 Nf7 33. Nxf7 Qxf7 34. Kh2 Rxe5 35. fxe5 Bxe5+ 36. Ng3 Qf3 37. Qg1 Bxg3+ 38. Qxg3 Qh1# 0-1